000 00478nam a22001697a 4500
003 OSt
005 20140310182320.0
008 130312t xxu||||| |||| 00| 0 eng d
020 _a9832584027
050 _aPZ 7
_b.W721 2006
082 _aGS 398.21
_bF27sh 2006
245 _aThe shoemaker and the elves
_cedited by Bob Williams. - Rev. ed. -
260 _aMalaysia
_bKohwai & Young
_c2006
300 _a16 p.
_bcol. ill.
_c26 cm.
942 _2lcc
_cBK-GS
999 _c11794
_d11794